Histoire de la papauté pendant les seizième et dix-septième siècles / (Record no. 162962)

MARC details
000 -LEADER
campo de control de longitud fija 01048nam a2200229 i 4500
001 - NÚMERO DE CONTROL
campo de control 162962
003 - IDENTIFICADOR DE NÚMERO DE CONTROL
campo de control ES-MaACL
005 - FECHA Y HORA DE LA ÚLTIMA TRANSACCIÓN
campo de control 20250831075150.0
008 - DATOS DE LONGITUD FIJA--INFORMACIÓN GENERAL
campo de control de longitud fija 990701s1848 fr |||| | fre d
040 ## - FUENTE DE CATALOGACIÓN
Centro catalogador/agencia de origen GA
Lengua de catalogación spa
Centro/agencia transcriptor CCPB | 3D
100 1# - ENTRADA PRINCIPAL--NOMBRE DE PERSONA
Nombre de persona Ranke, Leopold von.
9 (RLIN) 95425
245 10 - MENCIÓN DEL TÍTULO
Título Histoire de la papauté pendant les seizième et dix-septième siècles /
Mención de responsabilidad, etc. par L. Ranke ; traduite de l'allemand par J.-B. Haiber ; publiée, augmentée d'une introduction et de nombreuses notes historiques et critiques, continuée jusqu'a nos jours par A. de Saint-Cheron.
250 ## - MENCION DE EDICION
Mención de edición 2ème éd. corr. et considérablement augm. d'après la 2éme ed. allemande.
260 ## - PUBLICACIÓN, DISTRIBUCIÓN, ETC.
Lugar de publicación, distribución, etc. Paris :
Nombre del editor, distribuidor, etc. Sagnier et Bray,
Fecha de publicación, distribución, etc. 1848 (
Fabricante Imprimerie Bailly, Divry et Comp.)
300 ## - DESCRIPCIÓN FÍSICA
Extensión 2 v. ;
Dimensiones 22 cm.
650 04 - PUNTO DE ACCESO ADICIONAL DE MATERIA--TÉRMINO DE MATERIA
Término de materia o nombre geográfico como elemento de entrada Papas-
Subdivisión general Historia.
9 (RLIN) 15819
650 07 - PUNTO DE ACCESO ADICIONAL DE MATERIA--TÉRMINO DE MATERIA
Término de materia o nombre geográfico como elemento de entrada Reforma
Fuente del encabezamiento o término embne
9 (RLIN) 16717
700 1# - ENTRADA AGREGADA--NOMBRE PERSONAL
Nombre de persona Saint-Cheron, A. de.
9 (RLIN) 132279
700 1# - ENTRADA AGREGADA--NOMBRE PERSONAL
Nombre de persona Haiber, J.-B.
9 (RLIN) 127761
852 ## - LOCALIZACIÓN
Ubicación ES-MaACL
Número de control de estantería F-13364-65
Nota libre -- Enc. pasta española
-- .- Vol. II y III
Holdings
Estatus retirado Estado de pérdida Estado de daño No para préstamo Colección Biblioteca de origen Biblioteca actual Ubicación en estantería Fecha de adquisición Total de préstamos Signatura topográfica completa Código de barras Visto por última vez Precio de reemplazo Tipo de ítem Koha
        Libros del s. XIX Biblioteca del Ateneo de Madrid Biblioteca del Ateneo de Madrid Sala Pecera Planta 2 17/01/2008   F-13364-65 1170742 23/02/2023 23/02/2023 Libro impreso antiguo